Born in Daegu - Statistics

General Stats
  • This quiz has been taken 8 times
  • The average score is 10 of 11
Answer Stats
Hint Answer % Correct
Director, "Parasite" "Memories of Murder" "Snowpiercer" 1969 Bong Joon-ho
100%
Director, his film "Burning" became the first Korean film to be nominated for Best Foreign Language Film at the Academy Awards 1954 Lee Chang-dong
100%
Chairman of Samsung from 1987 to 2008 and again from 2010 until his death in 2020, he was the richest person in South Korea at the time of his death 1942 Lee Kun-hee
100%
Actor, "Ode to My Father" "Veteran" "Memoir of a Murderer" 1968 Oh Dal-su
100%
President of South Korea from 2013 until her impeachment in 2017. First woman to be elected in this office. She was convicted for corruption and abuse of power, but received a pardon 1952 Park Geun-hye
100%
President of South Korea from 1988 to 1993 1932 Roh Tae-woo
100%
Cardinal of the Roman Catholic Church and widely respected person fot his role in South Korea's transition from military rule to democracy 1922 Stephen Kim Sou-hwan
100%
Rapper and member of BTS 1993 Suga
100%
Short-track speed skater and winner of three Olympic gold medals 1988 Jin Sun-yu
67%
Singer and member of BTS 1995 V
67%
Korean-American businesswoman and founder of NYX Cosmetics 1973 Toni Ko
50%
No matching quizzes found
Score Distribution
Percent of People with Each Score
Percentile by Number Answered
Your Score History
You have not taken this quiz